Technician's guide to fiber optics (Record no. 7927)

000 -LEADER
fixed length control field 00505 a2200181 4500
020 ## - INTERNATIONAL STANDARD BOOK NUMBER
International Standard Book Number 1401812708
020 ## - INTERNATIONAL STANDARD BOOK NUMBER
International Standard Book Number 1401836305
040 ## - CATALOGING SOURCE
Original cataloging agency DLC
Language of cataloging DLC
082 00 - DEWEY DECIMAL CLASSIFICATION NUMBER
Classification number 621.36/92
100 1# - MAIN ENTRY--PERSONAL NAME
Personal name Sterling, Donald J.,
245 10 - TITLE STATEMENT
Title Technician's guide to fiber optics
Statement of responsibility, etc. Donald J. Sterling, Jr.
250 ## - EDITION STATEMENT
Edition statement 4th ed.
260 ## - PUBLICATION, DISTRIBUTION, ETC.
Place of publication, distribution, etc. Clifton Park, NY :
Name of publisher, distributor, etc. Thomson/Delmar Learning,
Date of publication, distribution, etc. c2004.
300 ## - PHYSICAL DESCRIPTION
Extent 368 p. :
Other physical details ill. ;
Dimensions 25 cm.
500 ## - GENERAL NOTE
General note Includes index.
650 #0 - SUBJECT ADDED ENTRY--TOPICAL TERM
Topical term or geographic name entry element Fiber optics.
942 ## - ADDED ENTRY ELEMENTS (KOHA)
Koha item type Book
Call number prefix 621.3692 STE
Source of classification or shelving scheme
Holdings
Withdrawn status Lost status Damaged status Not for loan Collection code Permanent Location Current Location Shelving location Date acquired Source of acquisition Cost, normal purchase price Total Checkouts Full call number Barcode Date last seen Date last checked out Price effective from Koha item type
          Central Library (CL) Central Library (CL) General Stacks 10/20/2004 Allied Book Company 4275.58 1 621.3692 STE SEECS004907 03/01/2022 12/03/2021 01/05/2017 Book
© 2023 Central Library, National University of Sciences and Technology. All Rights Reserved.